Elementary and middle school : social studies curriculum program, activities, and materials /

Bibliographic Details
Main Author: Barth, James L., 1931-
Format: Book
Language:English
Published: Washington, D.C. : University Press of America, [1979]
Subjects:

MARC

Tag First Indicator Second Indicator Subfields
LEADER 00000cam a2200000 a 4500
001 in00000077714
005 20151008053827.0
008 790822s1979 dcua b 00010 eng d
010 |a  78071367  
020 |a 0819106674 (pbk.) :  |c $10.50 
035 |a (OCoLC)05297249 
035 |9 AAH8775AM 
040 |a SPI  |c SPI  |d TXA  |d UtOrBLW 
049 |a TXAM  |c [1329120] 
090 |a LB1584  |b .B37 
092 |a 372.83  |b BART 
100 1 |a Barth, James L.,  |d 1931- 
245 1 0 |a Elementary and middle school :  |b social studies curriculum program, activities, and materials /  |c James L. Barth. 
264 1 |a Washington, D.C. :  |b University Press of America,  |c [1979] 
264 4 |c ©1979 
300 |a viii, 309 pages :  |b illustrations ;  |c 23 cm. 
336 |a text  |b txt  |2 rdacontent 
337 |a unmediated  |b n  |2 rdamedia 
338 |a volume  |b nc  |2 rdacarrier 
504 |a Includes bibliographical references. 
650 0 |a Social sciences  |x Study and teaching (Elementary) 
650 0 |a Social sciences  |x Study and teaching (Primary) 
999 |a MARS 
999 f f |s 73e9084a-634e-3d95-8d5a-67538cefa4f3  |i 1534311c-cb57-398c-b155-c2c81b3872a4  |t 0 
952 f f |p normal  |a Texas A&M University  |b College Station  |c Sterling C. Evans Library  |d Evans: Library Stacks  |t 0  |e LB1584 .B37  |h Library of Congress classification  |i unmediated -- volume  |m A14806160847 
998 f f |a LB1584 .B37  |t 0  |l Evans: Library Stacks